[Event "Copa Latinoamericana de Ajedrez 2011"]
[Site "Montevideo URU"]
[Date "2011.11.01"]
[Round "1.1"]
[White "Bruzon Batista, Lazaro"]
[Black "Carbone, Diego"]
[Result "1-0"]
[WhiteElo "2689"]
[BlackElo "2030"]
[PlyCount "45"]
[EventDate "2011.11.01"]
[EventType "swiss"]
[EventRounds "9"]
[EventCountry "URU"]
[Source "lmi"]
[SourceDate "2011.11.01"]

1. e4 c5 2. Ne2 e6 3. d4 cxd4 4. Nxd4 a6 5. Bd3 Bc5 6. Nb3 Be7 7. Be3 d6 8.
N1d2 Nf6 9. a4 Nbd7 10. a5 d5 11. O-O O-O 12. Re1 Qc7 13. exd5 Nxd5 14. Bd4 Bf6
15. Ra4 b6 16. axb6 N7xb6 17. Bxf6 Nxf6 18. Rh4 Nbd7 19. Nc4 Rd8 20. Nca5 Nf8
21. Rc4 Qd6 22. Rd4 Qc7 23. Rxd8 1-0

[Event "Copa Latinoamericana de Ajedrez 2011"]
[Site "Montevideo URU"]
[Date "2011.11.01"]
[Round "1.2"]
[White "Montoro, Gustavo E"]
[Black "Iturrizaga, Eduardo"]
[Result "1/2-1/2"]
[WhiteElo "2027"]
[BlackElo "2656"]
[PlyCount "125"]
[EventDate "2011.11.01"]
[EventType "swiss"]
[EventRounds "9"]
[EventCountry "URU"]
[Source "lmi"]
[SourceDate "2011.11.01"]

1. e4 c5 2. Nc3 g6 3. f4 Nc6 4. Bb5 Nd4 5. Nf3 Nxb5 6. Nxb5 d5 7. e5 d4 8. c4
Bg7 9. O-O Nh6 10. d3 O-O 11. Qe2 Bg4 12. h3 Bd7 13. Na3 f6 14. Bd2 Nf5 15. Kh2
Bc6 16. exf6 exf6 17. Rae1 Re8 18. Qf2 Qd6 19. g3 h5 20. Nc2 Bh6 21. Rxe8+ Rxe8
22. Re1 Rf8 23. b4 b6 24. b5 Bb7 25. h4 g5 26. hxg5 fxg5 27. Ne5 Bg7 28. Qe2
Nxg3 29. Kxg3 gxf4+ 30. Bxf4 Rxf4 31. Kxf4 Qf6+ 32. Kg3 Qg5+ 33. Ng4 Kh7 34.
Qe6 hxg4 35. Re2 Bf3 36. Rh2+ Bh6 37. Qf7+ Qg7 38. Qf5+ Qg6 39. Qd7+ Kg8 40.
Qd8+ Bf8 41. Rh4 Qf5 42. Qe8 Kg7 43. Rh5 Qf6 44. Qd7+ Be7 45. Qf5 Qd6+ 46. Kf2
Qg6 47. Kg3 Bd6+ 48. Kf2 Be7 49. Kg3 Bd1 50. Ne1 Bd6+ 51. Kg2 Be7 52. Kg3 Bd6+
53. Kg2 Qxf5 54. Rxf5 Kg6 55. Rd5 Bf4 56. Rd7 Bd2 57. Kf1 Kg5 58. Ng2 g3 59.
Rxa7 Kg4 60. Rg7+ Kh3 61. Rh7+ Kg4 62. Rg7+ Kh3 63. Rh7+ 1/2-1/2

[Event "Copa Latinoamericana de Ajedrez 2011"]
[Site "Montevideo URU"]
[Date "2011.11.01"]
[Round "1.3"]
[White "Flores, Diego"]
[Black "Soto, Nicolas"]
[Result "1-0"]
[WhiteElo "2599"]
[BlackElo "2022"]
[PlyCount "59"]
[EventDate "2011.11.01"]
[EventType "swiss"]
[EventRounds "9"]
[EventCountry "URU"]
[Source "lmi"]
[SourceDate "2011.11.01"]

1. c4 Nf6 2. Nc3 g6 3. e4 d6 4. g3 c5 5. Bg2 Bg7 6. Nge2 Nc6 7. d3 O-O 8. O-O
Rb8 9. h3 Bd7 10. Be3 h6 11. Qd2 Kh7 12. Kh2 Ne8 13. d4 cxd4 14. Nxd4 Nxd4 15.
Bxd4 a6 16. a4 Be6 17. b3 Qa5 18. f4 Bxd4 19. Qxd4 Nf6 20. Rae1 Rbd8 21. f5 Bc8
22. Nd5 Nxd5 23. exd5 Qc7 24. Be4 Qd7 25. Bd3 Kg8 26. Qh4 g5 27. Qxh6 f6 28.
Qg6+ Kh8 29. Re4 Qe8 30. Rh4+ 1-0

[Event "Copa Latinoamericana de Ajedrez 2011"]
[Site "Montevideo URU"]
[Date "2011.11.01"]
[Round "1.4"]
[White "Muzzi, Eduardo"]
[Black "Mareco, Sandro"]
[Result "0-1"]
[WhiteElo "2019"]
[BlackElo "2583"]
[PlyCount "52"]
[EventDate "2011.11.01"]
[EventType "swiss"]
[EventRounds "9"]
[EventCountry "URU"]
[Source "lmi"]
[SourceDate "2011.11.01"]

1. d4 Nf6 2. Nf3 e6 3. Bg5 b6 4. Nbd2 Bb7 5. e3 h6 6. Bh4 Be7 7. Bd3 g5 8. Bg3
g4 9. Ne5 h5 10. f3 d6 11. Nec4 h4 12. Bf2 h3 13. g3 c5 14. a4 Nbd7 15. O-O Qc7
16. Na3 cxd4 17. Nb5 Qc8 18. Nxd4 gxf3 19. N4xf3 a6 20. e4 Ng4 21. Nd4 Rg8 22.
N2f3 Nc5 23. Qe2 Qc7 24. b4 Nxd3 25. cxd3 d5 26. Rab1 Qd7 0-1

[Event "Copa Latinoamericana de Ajedrez 2011"]
[Site "Montevideo URU"]
[Date "2011.11.01"]
[Round "1.5"]
[White "Felgaer, Ruben"]
[Black "Sanduay, Nicolas"]
[Result "1-0"]
[WhiteElo "2573"]
[BlackElo "2016"]
[PlyCount "67"]
[EventDate "2011.11.01"]
[EventType "swiss"]
[EventRounds "9"]
[EventCountry "URU"]
[Source "lmi"]
[SourceDate "2011.11.01"]

1. e4 c5 2. Nf3 e6 3. d4 cxd4 4. Nxd4 a6 5. Nc3 Qc7 6. g3 Nf6 7. Bg2 Nc6 8. O-O
Be7 9. a4 d6 10. Nb3 b6 11. f4 Bb7 12. Be3 O-O 13. g4 Rac8 14. g5 Nd7 15. Rf3
Nb4 16. Rh3 g6 17. Qe2 Rfe8 18. Qf2 f5 19. gxf6 Bxf6 20. Rf1 Qd8 21. Rd1 Qc7
22. Rd2 Rf8 23. Nd4 Rce8 24. Qg3 Rf7 25. Ndb5 axb5 26. Nxb5 Qb8 27. Nxd6 Ref8
28. Nxb7 Qxb7 29. e5 Qc7 30. exf6 Nxc2 31. f5 Qxg3 32. Rxg3 Nxe3 33. fxe6 Rxf6
34. Rxe3 1-0

[Event "Copa Latinoamericana de Ajedrez 2011"]
[Site "Montevideo URU"]
[Date "2011.11.01"]
[Round "1.6"]
[White "Vaz, Leonardo"]
[Black "Fier, Alexandr"]
[Result "0-1"]
[WhiteElo "2014"]
[BlackElo "2573"]
[PlyCount "104"]
[EventDate "2011.11.01"]
[EventType "swiss"]
[EventRounds "9"]
[EventCountry "URU"]
[Source "lmi"]
[SourceDate "2011.11.01"]

1. e4 c5 2. Nf3 d6 3. d4 cxd4 4. Nxd4 Nf6 5. Nc3 e6 6. Be3 Nc6 7. Be2 Be7 8.
O-O O-O 9. Kh1 a6 10. f4 Bd7 11. a4 Rc8 12. Nb3 Na5 13. e5 Ne8 14. Nxa5 Qxa5
15. Bd4 Bc6 16. b4 Qxb4 17. Rb1 Qa5 18. Bf3 dxe5 19. Bxe5 Bf6 20. Qd4 Rd8 21.
Qe3 Bxe5 22. fxe5 Bxf3 23. Rxf3 Nc7 24. Rg3 f5 25. exf6 Rxf6 26. Ne4 Rf5 27.
Qb3 b5 28. Qb2 e5 29. Qb3+ Kh8 30. Ng5 Rdf8 31. Rf3 Rxf3 32. gxf3 g6 33. Qa3 b4
34. Rxb4 Qc5 35. Qb3 Qf2 36. Rg4 Qd2 37. Qa3 Re8 38. Qc5 Qd7 39. Ne4 Kg7 40.
Nd6 Re6 41. Nf5+ Kf7 42. Nh6+ Ke8 43. Qe3 Nd5 44. Qb3 Rb6 45. Qa2 Nf6 46. Rg1
Qb7 47. Rf1 Kf8 48. Qc4 Kg7 49. Qh4 Rb1 50. Rxb1 Qxb1+ 51. Kg2 Qxc2+ 52. Kh3
Nh5 0-1

[Event "Copa Latinoamericana de Ajedrez 2011"]
[Site "Montevideo URU"]
[Date "2011.11.01"]
[Round "1.8"]
[White "Colman, Matias"]
[Black "Hernandez Carmenates, Holden"]
[Result "0-1"]
[WhiteElo "2007"]
[BlackElo "2564"]
[PlyCount "100"]
[EventDate "2011.11.01"]
[EventType "swiss"]
[EventRounds "9"]
[EventCountry "URU"]
[Source "lmi"]
[SourceDate "2011.11.01"]

1. d4 Nf6 2. c4 e6 3. Nc3 Bb4 4. Qc2 O-O 5. a3 Bxc3+ 6. Qxc3 d6 7. Bg5 h6 8.
Bh4 Nbd7 9. Nf3 b6 10. e3 Bb7 11. Be2 g5 12. Bg3 Ne4 13. Qc2 f5 14. O-O-O Ndf6
15. Nd2 Nxd2 16. Rxd2 Ne4 17. Rdd1 Qf6 18. f3 Nxg3 19. hxg3 Kg7 20. Qc3 Rae8
21. Qd2 e5 22. d5 f4 23. gxf4 exf4 24. e4 Rh8 25. Rh5 Bc8 26. Qc2 Bd7 27. Qd2
a5 28. Bd3 Re5 29. Rhh1 h5 30. Rdf1 h4 31. Rfg1 Ree8 32. Qc3 Qxc3+ 33. bxc3 Kf6
34. Kd2 Reg8 35. Bf1 Ke5 36. Ke2 g4 37. Kd3 g3 38. Ke2 Rh7 39. Kd3 Rgh8 40. Ke2
b5 41. cxb5 h3 42. gxh3 Bxb5+ 43. Ke1 Bxf1 44. Kxf1 Rb8 45. Ke2 Rb2+ 46. Kd3
Rf2 47. Kc4 Rxf3 48. Rg2 Re3 49. Kb5 Rg7 50. Rhg1 Rxc3 0-1

[Event "Copa Latinoamericana de Ajedrez 2011"]
[Site "Montevideo URU"]
[Date "2011.11.01"]
[Round "1.9"]
[White "Lemos, Damian"]
[Black "Lallana, Daniel"]
[Result "1-0"]
[WhiteElo "2543"]
[BlackElo "2003"]
[PlyCount "95"]
[EventDate "2011.11.01"]
[EventType "swiss"]
[EventRounds "9"]
[EventCountry "URU"]
[Source "lmi"]
[SourceDate "2011.11.01"]

1. e4 e5 2. Nf3 Nc6 3. Bb5 a6 4. Ba4 Qf6 5. Nc3 Nge7 6. O-O Nd4 7. Nxd4 exd4 8.
Ne2 c5 9. d3 g5 10. Ng3 h5 11. e5 Qg6 12. Ne4 Nf5 13. Bxg5 Be7 14. Bxe7 Kxe7
15. Qf3 Rb8 16. Ng3 Ng7 17. Qd5 b6 18. f4 Qe6 19. Qe4 Bb7 20. f5 Qh6 21. Qh4+
Kf8 22. Bxd7 Qe3+ 23. Kh1 Qxe5 24. Rae1 Qd6 25. f6 Qxd7 26. fxg7+ Kxg7 27. Qf6+
Kg8 28. Re5 Rh7 29. Rg5+ Kf8 30. Qg6 Qc6 31. Qg8+ Ke7 32. Nf5+ Kd7 33. Qxh7 Qe6
34. Nh4 Bd5 35. Rxd5+ Qxd5 36. Qxf7+ Qxf7 37. Rxf7+ Kc6 38. a4 Re8 39. Rf1 Re2
40. Rc1 b5 41. axb5+ axb5 42. Kg1 Kd5 43. Kf1 Re6 44. Re1 Rf6+ 45. Nf3 Rf5 46.
Kf2 c4 47. Re4 Kc5 48. Re5+ 1-0

[Event "Copa Latinoamericana de Ajedrez 2011"]
[Site "Montevideo URU"]
[Date "2011.11.01"]
[Round "1.11"]
[White "Lima, Darcy"]
[Black "Martinez Alcantara, Jose Eduardo"]
[Result "1-0"]
[WhiteElo "2504"]
[BlackElo "1995"]
[PlyCount "98"]
[EventDate "2011.11.01"]
[EventType "swiss"]
[EventRounds "9"]
[EventCountry "URU"]
[Source "lmi"]
[SourceDate "2011.11.01"]

1. d4 Nf6 2. c4 c5 3. d5 b5 4. cxb5 a6 5. b6 d6 6. Nc3 g6 7. e4 Bg7 8. Nf3 O-O
9. Nd2 Nbd7 10. a4 Qxb6 11. a5 Qb7 12. Nc4 Ne8 13. Bg5 f6 14. Bd2 Nc7 15. h4 f5
16. h5 fxe4 17. hxg6 Nf6 18. gxh7+ Kh8 19. Nb6 Ncxd5 20. Ncxd5 Nxd5 21. Nxa8
Bd4 22. f3 e3 23. Nb6 Nxb6 24. axb6 exd2+ 25. Qxd2 Qxb6 26. Bc4 e6 27. Rh4 Qxb2
28. Qxb2 Bxb2 29. Rb1 Bc3+ 30. Kd1 d5 31. Ba2 Bb4 32. Rb3 a5 33. f4 c4 34. Rg3
e5 35. fxe5 Be6 36. Rf3 Re8 37. Bb1 Bf8 38. Bg6 Be7 39. Bxe8 Bxh4 40. Rf8+ Kxh7
41. Bd7 Bxd7 42. Rf7+ Kg6 43. Rxd7 Kf5 44. Rxd5 Bg3 45. Rc5 Bxe5 46. Rxc4 Bd6
47. Ke2 Bb4 48. g4+ Kg5 49. Kf3 Bd6 1-0

[Event "Copa Latinoamericana de Ajedrez 2011"]
[Site "Montevideo URU"]
[Date "2011.11.01"]
[Round "1.12"]
[White "Ibañez, Rodrigo"]
[Black "Zambrana, Oswaldo"]
[Result "1/2-1/2"]
[WhiteElo "1978"]
[BlackElo "2502"]
[PlyCount "66"]
[EventDate "2011.11.01"]
[EventType "swiss"]
[EventRounds "9"]
[EventCountry "URU"]
[Source "lmi"]
[SourceDate "2011.11.01"]

1. e4 c5 2. Nf3 d6 3. d4 cxd4 4. Nxd4 Nf6 5. Nc3 a6 6. Be2 e5 7. Nb3 Be7 8. O-O
O-O 9. Be3 b6 10. a4 Bb7 11. Bf3 Qc7 12. Qd2 Nbd7 13. Rfd1 Rac8 14. Bg5 Rfd8
15. Bg4 h6 16. Bxf6 Bxf6 17. Qxd6 Nc5 18. Qxc7 Rxd1+ 19. Rxd1 Rxc7 20. Nxc5
Rxc5 21. Be2 Bg5 22. g3 Rc7 23. Rd6 b5 24. Rb6 bxa4 25. Bxa6 Bxa6 26. Rxa6 Bd2
27. Rxa4 Bxc3 28. bxc3 Rxc3 29. Ra2 g6 30. Kf1 Rc6 31. f3 f5 32. exf5 gxf5 33.
Ke2 Rc3 1/2-1/2

[Event "Copa Latinoamericana de Ajedrez 2011"]
[Site "Montevideo URU"]
[Date "2011.11.01"]
[Round "1.13"]
[White "Perez Ponsa, Federico"]
[Black "Haddad Filho, Paulo Ibrahim"]
[Result "1-0"]
[WhiteElo "2484"]
[BlackElo "1972"]
[PlyCount "85"]
[EventDate "2011.11.01"]
[EventType "swiss"]
[EventRounds "9"]
[EventCountry "URU"]
[Source "lmi"]
[SourceDate "2011.11.01"]

1. e4 e5 2. Nf3 Nc6 3. Bb5 a6 4. Ba4 Nf6 5. O-O b5 6. Bb3 Be7 7. d4 exd4 8. e5
Ne4 9. Bd5 Nc5 10. Nxd4 Bb7 11. Nf5 Bf8 12. Re1 Ne6 13. Nc3 Na5 14. Qf3 Bxd5
15. Nxd5 c6 16. Nc3 Be7 17. Qg3 O-O 18. Nxg7 Nxg7 19. Bh6 Bf6 20. Ne4 Bxe5 21.
Qxe5 f6 22. Qg3 Rf7 23. Nd6 Qf8 24. Nxf7 Qxf7 25. Bxg7 Qxg7 26. Qxg7+ Kxg7 27.
Re7+ Kg6 28. Rxd7 Nc4 29. b3 Ne5 30. Rd2 a5 31. a4 Kf5 32. f3 h5 33. Kf2 b4 34.
Rad1 c5 35. Rd8 Ra7 36. Rc8 c4 37. Rc5 cxb3 38. cxb3 Kg6 39. Rdd5 h4 40. h3 Kf7
41. f4 Nd7 42. Rxa5 Rc7 43. Rab5 1-0

[Event "Copa Latinoamericana de Ajedrez 2011"]
[Site "Montevideo URU"]
[Date "2011.11.01"]
[Round "1.14"]
[White "Heinecke, Lucas"]
[Black "Alonso, Salvador"]
[Result "0-1"]
[WhiteElo "1968"]
[BlackElo "2483"]
[PlyCount "52"]
[EventDate "2011.11.01"]
[EventType "swiss"]
[EventRounds "9"]
[EventCountry "URU"]
[Source "lmi"]
[SourceDate "2011.11.01"]

1. Nf3 Nf6 2. c4 g6 3. g3 Bg7 4. Bg2 O-O 5. Nc3 d5 6. cxd5 Nxd5 7. O-O Nc6 8.
d4 Nb6 9. e3 Re8 10. h3 e5 11. dxe5 Nxe5 12. Nxe5 Bxe5 13. f4 Bxc3 14. bxc3
Qxd1 15. Rxd1 Na4 16. c4 c6 17. e4 Be6 18. Ba3 Rad8 19. c5 Nc3 20. Re1 Rd3 21.
Bb4 Nxa2 22. Ba5 Rxg3 23. Re2 Nc3 24. Bxc3 Rxc3 25. Rxa7 Bc8 26. Ra5 Bxh3 0-1

[Event "Copa Latinoamericana de Ajedrez 2011"]
[Site "Montevideo URU"]
[Date "2011.11.01"]
[Round "1.15"]
[White "Claverie, Raul"]
[Black "Ruggiero, Alvaro"]
[Result "1/2-1/2"]
[WhiteElo "2504"]
[BlackElo "1967"]
[PlyCount "89"]
[EventDate "2011.11.01"]
[EventType "swiss"]
[EventRounds "9"]
[EventCountry "URU"]
[Source "lmi"]
[SourceDate "2011.11.01"]

1. f4 d5 2. Nf3 Nf6 3. g3 g6 4. Bg2 c6 5. O-O Bg7 6. e3 O-O 7. Nc3 Bg4 8. h3
Bxf3 9. Qxf3 Nbd7 10. d4 e6 11. Ne2 Rc8 12. c3 c5 13. Bd2 cxd4 14. exd4 Ne4 15.
Qd3 f5 16. Kh2 Ndf6 17. Be3 Qc7 18. Rfb1 Qc4 19. Qd1 Rc7 20. Bf3 Qa6 21. Nc1
Rfc8 22. Nd3 Nd7 23. Ne5 Nxe5 24. fxe5 b5 25. Be2 Qb6 26. Bg1 Bh6 27. a3 a5 28.
Qd3 Rc4 29. Qd1 R4c7 30. Qd3 Rc4 31. Qd1 R4c7 32. Bd3 Qc6 33. Qe2 Rb8 34. Rd1
Qe8 35. g4 Qe7 36. Bxe4 Bf4+ 37. Kg2 fxe4 38. Rf1 Bg5 39. Be3 b4 40. axb4 axb4
41. cxb4 Bxe3 42. Qxe3 Rc2+ 43. Rf2 Rxf2+ 44. Qxf2 Qxb4 45. Qf6 1/2-1/2

[Event "Copa Latinoamericana de Ajedrez 2011"]
[Site "Montevideo URU"]
[Date "2011.11.01"]
[Round "1.16"]
[White "Martyniuk, Carolina"]
[Black "Cori Tello, Jorge"]
[Result "0-1"]
[WhiteElo "1959"]
[BlackElo "2482"]
[PlyCount "142"]
[EventDate "2011.11.01"]
[EventType "swiss"]
[EventRounds "9"]
[EventCountry "URU"]
[Source "lmi"]
[SourceDate "2011.11.01"]

1. g3 d5 2. Bg2 c6 3. d3 Nf6 4. Nf3 Bg4 5. Nbd2 Nbd7 6. c4 e5 7. cxd5 cxd5 8.
O-O Bd6 9. e4 O-O 10. exd5 Nb6 11. Qb3 Nfxd5 12. Nc4 Nxc4 13. dxc4 Nb6 14. c5
Bxf3 15. Qxf3 Bxc5 16. Qxb7 a5 17. Qe4 Qe7 18. Be3 Rac8 19. Rac1 Rfd8 20. Rfd1
Rxd1+ 21. Rxd1 Bxe3 22. Qxe3 Qc7 23. h4 g6 24. b3 h5 25. Qd2 a4 26. Qd6 axb3
27. axb3 Kg7 28. Qxc7 Rxc7 29. Rd6 Nd7 30. Bd5 Kf8 31. Rc6 Ra7 32. Bc4 Ke7 33.
Kg2 Rb7 34. Kf3 Nf6 35. Ra6 Rc7 36. Ra5 Ng4 37. Ke4 Rd7 38. Rd5 Nf6+ 39. Kxe5
Nxd5 40. Bxd5 Rd8 41. f3 Rd7 42. Ke4 Kd6 43. Bc4 Re7+ 44. Kf4 Re5 45. g4 f6 46.
Kg3 Ke7 47. gxh5 gxh5 48. Kf4 Re1 49. Bd5 Ra1 50. Kg3 f5 51. Kf4 Kf6 52. Kg3
Rg1+ 53. Kf4 Rd1 54. Bc6 Rd4+ 55. Kg3 f4+ 56. Kg2 Rd2+ 57. Kh3 Ke7 58. b4 Rb2
59. b5 Kd8 60. Be4 Rxb5 61. Bg6 Ke7 62. Kg2 Kf6 63. Be8 Re5 64. Bd7 Re7 65. Bb5
Ke5 66. Kf2 Kd4 67. Bf1 Rb7 68. Bh3 Rb2+ 69. Kg1 Ke3 70. Bg2 Rb1+ 71. Kh2 Kf2
0-1

[Event "Copa Latinoamericana de Ajedrez 2011"]
[Site "Montevideo URU"]
[Date "2011.11.01"]
[Round "1.17"]
[White "Rodriguez Vila, Andres"]
[Black "Alsina, Ruben"]
[Result "1-0"]
[WhiteElo "2505"]
[BlackElo "1945"]
[PlyCount "51"]
[EventDate "2011.11.01"]
[EventType "swiss"]
[EventRounds "9"]
[EventCountry "URU"]
[Source "lmi"]
[SourceDate "2011.11.01"]

1. e4 d6 2. d4 Nf6 3. Nc3 g6 4. h3 c6 5. g4 h5 6. g5 Nfd7 7. Be3 Bg7 8. f4 e5
9. dxe5 dxe5 10. f5 Qc7 11. Nf3 Nb6 12. fxg6 fxg6 13. Nh4 Qf7 14. Qd6 Be6 15.
O-O-O N8d7 16. Rh2 O-O-O 17. Rf2 Qe8 18. Qa3 Kb8 19. Qa5 Rf8 20. Rfd2 Nc8 21.
Ba6 Rf4 22. Qb4 b6 23. Bxf4 exf4 24. Nf3 Bf8 25. Qa4 Kc7 26. Bxc8 1-0

[Event "Copa Latinoamericana de Ajedrez 2011"]
[Site "Montevideo URU"]
[Date "2011.11.01"]
[Round "1.18"]
[White "Villarreal, Julio"]
[Black "Real De Azua, Ernesto"]
[Result "0-1"]
[WhiteElo "1942"]
[BlackElo "2459"]
[PlyCount "54"]
[EventDate "2011.11.01"]
[EventType "swiss"]
[EventRounds "9"]
[EventCountry "URU"]
[Source "lmi"]
[SourceDate "2011.11.01"]

1. d4 Nf6 2. Nf3 g6 3. Bf4 Bg7 4. e3 d6 5. Bd3 Nh5 6. Bg5 h6 7. Bh4 g5 8. Nfd2
Nf4 9. exf4 gxh4 10. c3 c5 11. d5 O-O 12. f5 Nd7 13. f4 Nf6 14. Qf3 e6 15. fxe6
fxe6 16. dxe6 Bxe6 17. O-O d5 18. f5 Bf7 19. Qh3 c4 20. a4 Qb6+ 21. Kh1 cxd3
22. Qxd3 Rae8 23. a5 Qc5 24. Qh3 Re2 25. b4 Qe3 26. Nf3 Ne4 27. Qxh4 Bf6 0-1

[Event "Copa Latinoamericana de Ajedrez 2011"]
[Site "Montevideo URU"]
[Date "2011.11.01"]
[Round "1.19"]
[White "Dos Santos, Ramiro"]
[Black "Alvarez, Miguel"]
[Result "1-0"]
[WhiteElo "2453"]
[BlackElo "1932"]
[PlyCount "53"]
[EventDate "2011.11.01"]
[EventType "swiss"]
[EventRounds "9"]
[EventCountry "URU"]
[Source "lmi"]
[SourceDate "2011.11.01"]

1. e4 Nf6 2. e5 Nd5 3. d4 d6 4. Nf3 g6 5. Bc4 Nb6 6. Bb3 d5 7. O-O Bg7 8. c3
Bg4 9. Nbd2 N8d7 10. h3 Bxf3 11. Nxf3 c5 12. e6 fxe6 13. Ng5 Nf8 14. dxc5 Nbd7
15. Be3 h6 16. Nf3 Qc7 17. c4 Nxc5 18. cxd5 Nxb3 19. Qxb3 exd5 20. Qxd5 Qd7 21.
Qb3 Ne6 22. Rfd1 Qc6 23. Rac1 Qa6 24. Re1 Rd8 25. Bxa7 Qxa7 26. Qxe6 Bf6 27.
Qxf6 1-0

[Event "Copa Latinoamericana de Ajedrez 2011"]
[Site "Montevideo URU"]
[Date "2011.11.01"]
[Round "1.20"]
[White "Orguim Da Silva, Joao Carlos"]
[Black "Tristan, Leonardo"]
[Result "0-1"]
[WhiteElo "1932"]
[BlackElo "2463"]
[PlyCount "86"]
[EventDate "2011.11.01"]
[EventType "swiss"]
[EventRounds "9"]
[EventCountry "URU"]
[Source "lmi"]
[SourceDate "2011.11.01"]

1. Nf3 d6 2. d4 f5 3. g3 Nf6 4. Bg2 g6 5. c4 Bg7 6. Nc3 O-O 7. O-O Nc6 8. e3 e5
9. dxe5 dxe5 10. Qe2 e4 11. Rd1 exf3 12. Rxd8 fxe2 13. Rxf8+ Bxf8 14. Nxe2 Be6
15. b3 Rd8 16. Bxc6 Rd1+ 17. Kg2 bxc6 18. Nd4 Bd7 19. Bb2 Rxa1 20. Bxa1 Kf7 21.
f3 c5 22. Nc2 Bc6 23. Ne1 g5 24. Kf2 g4 25. Nd3 Bd6 26. f4 Be4 27. Ke2 Ke6 28.
Kd2 h5 29. Bxf6 Kxf6 30. a3 Ke6 31. Kc3 Be7 32. Kd2 Kd6 33. Nf2 Bf6 34. Nd1 Kc6
35. Nc3 h4 36. Nd1 Bf3 37. Nc3 a6 38. Kd3 h3 39. Ne2 Bb2 40. a4 Kb6 41. Nc3
Bxc3 42. Kxc3 Ka5 43. b4+ cxb4+ 0-1

[Event "Copa Latinoamericana de Ajedrez 2011"]
[Site "Montevideo URU"]
[Date "2011.11.01"]
[Round "1.21"]
[White "Slipak, Sergio"]
[Black "Hengles, Roberto Carlos"]
[Result "1-0"]
[WhiteElo "2440"]
[BlackElo "1927"]
[PlyCount "49"]
[EventDate "2011.11.01"]
[EventType "swiss"]
[EventRounds "9"]
[EventCountry "URU"]
[Source "lmi"]
[SourceDate "2011.11.01"]

1. d4 Nf6 2. Nf3 c5 3. d5 g6 4. Nc3 Bg7 5. e4 d6 6. Bc4 Bg4 7. h3 Bxf3 8. Qxf3
O-O 9. O-O Nbd7 10. Qd1 a6 11. a4 Qc7 12. Bg5 Rab8 13. Re1 Ne5 14. Bf1 c4 15.
a5 Rfc8 16. Be3 Ned7 17. Ra4 Nc5 18. Rxc4 Qxa5 19. b4 Qd8 20. bxc5 b5 21. cxb6
Rxc4 22. Bxc4 Rc8 23. Qe2 Nd7 24. Na4 Ne5 25. Bxa6 1-0

[Event "Copa Latinoamericana de Ajedrez 2011"]
[Site "Montevideo URU"]
[Date "2011.11.01"]
[Round "1.23"]
[White "Rodi, Luis Ernesto"]
[Black "Ledesma, Sebastian"]
[Result "1-0"]
[WhiteElo "2406"]
[BlackElo "1908"]
[PlyCount "83"]
[EventDate "2011.11.01"]
[EventType "swiss"]
[EventRounds "9"]
[EventCountry "URU"]
[Source "lmi"]
[SourceDate "2011.11.01"]

1. e4 e5 2. Nf3 Nc6 3. Bb5 a6 4. Bxc6 dxc6 5. O-O Qf6 6. d4 exd4 7. Bg5 Qg6 8.
Qxd4 Be7 9. Bf4 c5 10. Qe3 Qb6 11. Qb3 Be6 12. Qxb6 cxb6 13. a4 O-O-O 14. Nc3
h6 15. Nd5 Bxd5 16. exd5 Nf6 17. c4 Nd7 18. Ne5 Nxe5 19. Bxe5 f6 20. Bg3 Bd6
21. Bxd6 Rxd6 22. Rfe1 Kd7 23. Ra3 Re8 24. Rxe8 Kxe8 25. Rb3 a5 26. f4 f5 27.
Kf2 Kf7 28. Re3 g6 29. Re5 Rf6 30. Kf3 Kf8 31. h3 Kf7 32. g4 Kf8 33. g5 hxg5
34. fxg5 Rd6 35. Kf4 Kf7 36. h4 Kf8 37. h5 gxh5 38. Kxf5 Rd7 39. Re6 Rh7 40.
Rh6 Rf7+ 41. Rf6 Rxf6+ 42. Kxf6 1-0

[Event "Copa Latinoamericana de Ajedrez 2011"]
[Site "Montevideo URU"]
[Date "2011.11.01"]
[Round "1.24"]
[White "Meruvia Meruvia, Juan"]
[Black "Krysa, Leandro"]
[Result "1-0"]
[WhiteElo "1905"]
[BlackElo "2396"]
[PlyCount "109"]
[EventDate "2011.11.01"]
[EventType "swiss"]
[EventRounds "9"]
[EventCountry "URU"]
[Source "lmi"]
[SourceDate "2011.11.01"]

1. d4 d5 2. c4 e6 3. Nc3 c6 4. e4 dxe4 5. Nxe4 Bb4+ 6. Bd2 Qxd4 7. Bxb4 Qxe4+
8. Be2 Na6 9. Ba3 c5 10. Nf3 Nf6 11. Qd6 Bd7 12. Bxc5 Nxc5 13. Qxc5 Bc6 14. Ne5
Qxg2 15. O-O-O Qg5+ 16. Kb1 Be4+ 17. Ka1 Bxh1 18. Rxh1 Rd8 19. Bf3 Nd5 20. Bxd5
Qe7 21. Qxe7+ Kxe7 22. Bxb7 Rd2 23. c5 Kf6 24. f4 Rhd8 25. a3 Rc2 26. c6 Rdd2
27. Nf3 Rd3 28. Kb1 Rc5 29. Ne5 Rd2 30. Nd7+ Rxd7 31. cxd7 Ke7 32. Bc8 Rf5 33.
Rd1 Kd8 34. Rd4 Rh5 35. Rd2 Rf5 36. Rg2 g6 37. Rg4 h5 38. Rh4 Rc5 39. Ka2 Rc4
40. Kb3 Re4 41. Kc3 e5 42. Kd3 Rd4+ 43. Ke3 f5 44. Rh3 Re4+ 45. Kd2 exf4 46.
Rd3 Re6 47. h4 a5 48. b4 axb4 49. axb4 Re4 50. Rd6 Rxb4 51. Rxg6 Kc7 52. Rg8
Rd4+ 53. Ke2 Re4+ 54. Kf3 Rd4 55. Rh8 1-0

[Event "Copa Latinoamericana de Ajedrez 2011"]
[Site "Montevideo URU"]
[Date "2011.11.01"]
[Round "1.26"]
[White "Manzanares, Richard"]
[Black "Valdes Escobar, Alvaro"]
[Result "0-1"]
[WhiteElo "1897"]
[BlackElo "2385"]
[PlyCount "56"]
[EventDate "2011.11.01"]
[EventType "swiss"]
[EventRounds "9"]
[EventCountry "URU"]
[Source "lmi"]
[SourceDate "2011.11.01"]

1. d4 Nf6 2. Nc3 d5 3. e4 dxe4 4. Bg5 Bf5 5. Bxf6 exf6 6. Qe2 c6 7. O-O-O Bb4
8. Nxe4 O-O 9. Qf3 Qd5 10. Nc3 Bxc3 11. Qxc3 Qxa2 12. Bc4 Qa4 13. Bb3 Qb5 14.
Qf3 Na6 15. d5 Bd7 16. Ne2 Nc5 17. Nd4 Nxb3+ 18. Nxb3 Rad8 19. Rd3 cxd5 20.
Rxd5 Qb6 21. Rhd1 Bc6 22. Rxd8 Bxf3 23. Rxf8+ Kxf8 24. gxf3 Qxf2 25. Nd4 Qxh2
26. Kb1 g6 27. Rd3 h5 28. Re3 Qg1+ 0-1

[Event "Copa Latinoamericana de Ajedrez 2011"]
[Site "Montevideo URU"]
[Date "2011.11.01"]
[Round "1.27"]
[White "Fusco, Leonardo"]
[Black "Davila, Mario"]
[Result "1-0"]
[WhiteElo "2383"]
[BlackElo "1896"]
[PlyCount "55"]
[EventDate "2011.11.01"]
[EventType "swiss"]
[EventRounds "9"]
[EventCountry "URU"]
[Source "lmi"]
[SourceDate "2011.11.01"]

1. e4 e5 2. Nf3 Nc6 3. Bb5 a6 4. Bxc6 dxc6 5. Nc3 f6 6. d4 exd4 7. Nxd4 c5 8.
Nde2 Qxd1+ 9. Nxd1 Be6 10. h4 O-O-O 11. h5 Bd6 12. Bf4 Ne7 13. Ne3 Nc6 14. Bxd6
Rxd6 15. Nf4 Bf7 16. Nf5 Rd7 17. Nxg7 Nd4 18. O-O-O Bxa2 19. h6 Bf7 20. Ngh5
Rd6 21. c3 Nb3+ 22. Kc2 Rb6 23. Nd5 Bxd5 24. Rxd5 c4 25. Rh4 Re6 26. f3 c6 27.
Rf5 Rf8 28. g4 1-0

[Event "Copa Latinoamericana de Ajedrez 2011"]
[Site "Montevideo URU"]
[Date "2011.11.01"]
[Round "1.28"]
[White "Ferrari, Carlos"]
[Black "De Dovitiis, Alejo"]
[Result "0-1"]
[WhiteElo "1888"]
[BlackElo "2366"]
[PlyCount "52"]
[EventDate "2011.11.01"]
[EventType "swiss"]
[EventRounds "9"]
[EventCountry "URU"]
[Source "lmi"]
[SourceDate "2011.11.01"]

1. e4 e6 2. d4 d5 3. Nc3 Bb4 4. Bd2 Nf6 5. e5 Bxc3 6. bxc3 Ne4 7. Bd3 Nxd2 8.
Qxd2 c5 9. Nf3 Nc6 10. O-O O-O 11. Rfe1 Qa5 12. Qe3 f5 13. exf6 Rxf6 14. a4 Bd7
15. Rab1 Qc7 16. h3 Raf8 17. Rf1 Rxf3 18. gxf3 c4 19. Be2 e5 20. Kg2 exd4 21.
cxd4 Re8 22. Qd2 c3 23. Qd3 Qf4 24. Rbe1 Re6 25. Rh1 Rg6+ 26. Kf1 Qg5 0-1